Normal view MARC view
  • Microsoft software

Entry Topical Term

Number of records used in: 5

001 - CONTROL NUMBER

  • control field: 96896

003 - CONTROL NUMBER IDENTIFIER

  • control field: NUST

005 - DATE AND TIME OF LATEST TRANSACTION

  • control field: 20220811144827.0

008 - FIXED-LENGTH DATA ELEMENTS

  • fixed length control field: 220811|| aca||aabn | a|a d

040 ## - CATALOGING SOURCE

  • Original cataloging agency: NUST
  • Transcribing agency: NUST

150 ## - HEADING--TOPICAL TERM

  • Topical term or geographic name entry element: Microsoft software
  • General subdivision: Examinations

670 ## - SOURCE DATA FOUND

  • Source citation: Work cat.: (NUST)183618: Bixler, Dave. 96895, MCSE Windows 2000 network infrastructure : (Include CD) :, c2000.
© 2023 Central Library, National University of Sciences and Technology. All Rights Reserved.